000 00292nam a22001337a 4500
003 SGT
082 _a617.3
_bC75W
100 _aWeiss, Earle B.
245 _aClinical Symposia
_bBronchial Asthma
260 _bC.I.B.A.
_c1975
300 _a72
653 _aBronchial Asthma
942 _2ddc
_cRARE
999 _c33139
_d33139